| 000 | 01365nam a2200337 a 4500 | ||
|---|---|---|---|
| 001 | ebr10670827 | ||
| 003 | CaPaEBR | ||
| 006 | m u | ||
| 007 | cr cn||||||||| | ||
| 008 | 090225s2009 nyua sb 001 0 eng d | ||
| 010 | _z 2009006349 | ||
| 020 | _z9781607413684 (hbk.) | ||
| 020 | _z160741368X (hbk.) | ||
| 020 | _z9781613242995 (e-book) | ||
| 040 |
_aCaPaEBR _cCaPaEBR |
||
| 035 | _a(OCoLC)730502321 | ||
| 050 | 1 | 4 |
_aHG8053.7 _b.K37 2009eb |
| 082 | 0 | 4 |
_a363.11/969 _222 |
| 100 | 1 | _aKamardeen, Imriyas. | |
| 245 | 1 | 0 |
_aControlling accidents and insurers' risks in construction _h[electronic resource] : _ba fuzzy knowledge-based approach / _cImriyas Kamardeen. |
| 260 |
_aNew York : _bNova Science Publishers, _cc2009. |
||
| 300 |
_axiv, 215 p. : _bill. |
||
| 504 | _aIncludes bibliographical references and index. | ||
| 533 |
_aElectronic reproduction. _bPalo Alto, Calif. : _cebrary, _d2013. _nAvailable via World Wide Web. _nAccess may be limited to ebrary affiliated libraries. |
||
| 650 | 0 |
_aConstruction industry _xInsurance. |
|
| 650 | 0 |
_aConstruction industry _xRisk management. |
|
| 650 | 0 |
_aConstruction industry _xAccidents. |
|
| 655 | 7 |
_aElectronic books. _2local |
|
| 710 | 2 | _aebrary, Inc. | |
| 856 | 4 | 0 |
_uhttp://site.ebrary.com/lib/rucke/Doc?id=10670827 _zAn electronic book accessible through the World Wide Web; click to view |
| 999 |
_c161221 _d161221 |
||